000
00315nam a2200121Ia 4500
008
210430s9999 xx 000 0 und d
082
_a
547.29 S615 F
100
_a
Tanuja Singh
_9
54346
245
_a
Fermentation Technology
_c
Tanuja Singh
260
_a
India
_b
Agrobios
_c
2008
300
_a
392 p
942
_c
BK
_2
ddc
999
_c
564906
_d
564906